An nhiên mà sống Tản văn

Tập hợp những ghi chép của MC Lê Đỗ Quỳnh Hương trên trang mạng facebook.

Wedi'i Gadw mewn:
Manylion Llyfryddiaeth
Prif Awdur: Lê, Đỗ Quỳnh Hương
Fformat: Llyfr
Iaith:Undetermined
Cyhoeddwyd: Tp. Hồ Chí Minh Nxb. Trẻ 2016
Pynciau:
Mynediad Ar-lein:http://lrc.tdmu.edu.vn/opac/search/detail.asp?aID=2&ID=28496
Tagiau: Ychwanegu Tag
Dim Tagiau, Byddwch y cyntaf i dagio'r cofnod hwn!
Thư viện lưu trữ: Trung tâm Học liệu Trường Đại học Thủ Dầu Một
LEADER 00809nam a2200217Ia 4500
001 TDMU_28496
008 210410s9999 xx 000 0 und d
082 |a 398.8089 
090 |b L250 
100 |a Lê, Đỗ Quỳnh Hương 
245 3 |a An nhiên mà sống 
245 0 |b Tản văn 
245 0 |c Lê Đỗ Quỳnh Hương 
260 |a Tp. Hồ Chí Minh 
260 |b Nxb. Trẻ 
260 |c 2016 
300 |a 205tr. 
520 |a Tập hợp những ghi chép của MC Lê Đỗ Quỳnh Hương trên trang mạng facebook. 
650 |a Văn học hiện đại  |z Việt Nam; Văn học Việt Nam  |v Tản văn 
856 |u http://lrc.tdmu.edu.vn/opac/search/detail.asp?aID=2&ID=28496 
980 |a Trung tâm Học liệu Trường Đại học Thủ Dầu Một